000
00342nam a2200157Ia 4500
003
IT-RoPAU
008
120407s9999 xx 000 0 und d
040
_a
IT-RoPAU
040
_c
IT-RoPAU
100
_a
Mauro Buratti
245
2
_a
A te mi affido o Madre..
260
_a
San Paolo Edizioni
300
_c
cm
490
_v
1
942
_c
BK
999
_c
10547
_d
10547